Normal view
MARC view
- Mitchell, Terence R.
Entry Personal Name
001 - CONTROL NUMBER
- control field: 6484
003 - CONTROL NUMBER IDENTIFIER
- control field: OSt
005 - DATE AND TIME OF LATEST TRANSACTION
- control field: 20170519123031.0
008 - FIXED-LENGTH DATA ELEMENTS
- fixed length control field: 170519|| aca||aabn | a|a d
040 ## - CATALOGING SOURCE
- Original cataloging agency: OSt
- Transcribing agency: OSt
100 ## - HEADING--PERSONAL NAME
- Personal name: Mitchell, Terence R.
670 ## - SOURCE DATA FOUND
- Source citation: Work cat.: (OSt)0: Mitchell, Terence R., People in organizations :, c1978

PORTAL AKMAL
E-MEL JKDM
AKMAL2U
G-BAM
u-PUSTAKA